000 nam a22 7a 4500
999 _c8999
_d8999
008 180122b ||||| |||| 00| 0 eng d
100 _aAggarwal. M
_95299
245 _aMaths
260 _aNew Delhi
_bArya Publication
_c2008